00704nam a2200181 i 4500001000700000003000900007005001700016008004100033080002300074110002200097245010000119260005500219300002100274505015100295610003000446700002300476852002300499169735ES-MaACL20230906214159.0081118s1869 sp |||| | spa d a061.22(460.235 B.)2 aAteneo Catalán.10aActa de la sesión pública celebrada por el Ateneo Catalán el dia 17 de diciembre de 1868. aBarcelona : b[s.n.], c1869 (fNarciso Ramírez) a40 p. ; c26 cm.8 aContiene: Reseña de los trabajos hechos en el Ateneo Catalán en el año académico de 1867 a 1868 . Discurso del presidente Francisco Barret24aAteneo Catalán-vActas.1 aBarret, Francisco.4 aES-MaACLjT-97-F-3